[Event "XXV OOM - Mistrzostwa Polski Juniorow Mlodszych - Dziewczeta do lat 12"]
[Site "Sielpia"]
[Date "1899-12-30"]
[Round "3.5"]
[White "Szewczuk, Aleksandra"]
[Black "Szopa, Emilia"]
[Result "0-1"]
[WhiteTitle "II+"]
[BlackTitle "I+"]
[WhiteElo "1196"]
[BlackElo "1470"]

1. e4 c5 2. Nc3 Nc6 3. f4 d6 4. Nf3 g6 5. Bb5 Bg7 6. Bxc6+ bxc6 7. O-O e6 8. e5
d5 9. d4 Ba6 10. Re1 c4 11. Na4 Nh6 12. Nc5 Qb6 13. c3 Nf5 14. Nd2 Rd8 15. Nf1
O-O 16. Ne3 Nxe3 17. Rxe3 Bc8 18. Qe1 Rfe8 19. Re2 Bf8 20. Be3 Qc7 21. Bf2 f5
22. Bh4 Rd7 23. Nxd7 Bxd7 24. Bf6 c5 25. Rc1 Qb6 26. Qf2 cxd4 27. cxd4 Rb8 28.
Rc3 Be8 29. Rh3 a5 30. Kh1 a4 31. Rc2 a3 32. b3 Ba4 33. Rcc3 cxb3 34. axb3 Be8
35. Qh4 Rb7 36. Qf2 Qa7 37. Rc1 Rb4 38. Rhc3 a2 39. Ra1 Rxd4 40. Rd3 Bc5 41. Rxd4
Bxd4 42. Qxa2 Qc5 43. Rb1 Be3 44. b4 Qc4 45. Qa8 Qb5 46. Qd8 Bc5 47. Qc7 Bf8 48.
Qa5 Qd3 49. Qa1 Qe4 50. b5 d4 51. b6 Bc6 52. Rd1 Qxg2# 0-1

[Event "XXV OOM - Mistrzostwa Polski Juniorow Mlodszych - Dziewczeta do lat 12"]
[Site "Sielpia"]
[Date "1899-12-30"]
[Round "3.6"]
[White "Niedorys, Karolina"]
[Black "Roszkiewicz, Zofia"]
[Result "1/2-1/2"]
[WhiteTitle "II"]
[BlackTitle "I"]
[WhiteElo "1129"]
[BlackElo "1444"]

1. e4 c5 2. Nf3 Nc6 3. d4 cxd4 4. Nxd4 Nf6 5. Nc3 d6 6. Bb5 Bd7 7. Bg5 e6 8. O-O
Be7 9. Qd2 h6 10. Bxf6 Bxf6 11. Bxc6 Bxc6 12. Rad1 d5 13. Rfe1 O-O 14. e5 Be7
15. Kh1 Qc7 16. f4 Bd7 17. f5 Bg5 18. Qf2 exf5 19. h4 Bd8 20. Nxd5 Qa5 21. Nc3
g6 22. e6 Bxe6 23. Nxe6 fxe6 24. Rxe6 Bf6 25. Qg3 Kg7 26. Rd5 Qb4 27. Rb5 Qxh4+
28. Qxh4 Bxh4 29. Rxb7+ Rf7 30. Rb4 Bf6 31. Nd5 Rd8 32. Nxf6 Rxf6 33. Rb7+ Rf7
34. Ree7 Rxe7 35. Rxe7+ Kf6 36. Rxa7 Rd1+ 37. Kh2 Rc1 38. Rc7 Ra1 39. a3 Rb1 40.
b4 Ra1 41. Rc3 Ke5 42. Rc6 Rxa3 43. Rxg6 Rc3 44. Rxh6 Rxc2 45. b5 Rb2 46. b6 1/2-1/2

[Event "XXV OOM - Mistrzostwa Polski Juniorow Mlodszych - Dziewczeta do lat 12"]
[Site "Sielpia"]
[Date "1899-12-30"]
[Round "3.7"]
[White "Oborska, Magda"]
[Black "Grzesik, Nikola"]
[Result "0-1"]
[WhiteTitle "I+"]
[BlackTitle "I"]
[WhiteElo "1339"]
[BlackElo "1339"]

1. e4 c5 2. Nf3 e6 3. d4 cxd4 4. Nxd4 a6 5. a3 Qc7 6. Nc3 Nf6 7. Be2 Nc6 8. O-O
Be7 9. Re1 d6 10. Bg5 O-O 11. Qd2 b5 12. Rad1 Nxd4 13. Qxd4 Rd8 14. Bf3 e5 15.
Qd3 Be6 16. Bxf6 Bxf6 17. Nd5 Bxd5 18. exd5 Qc5 19. b4 Qb6 20. Be4 g6 21. Re3
Rac8 22. Rh3 Rc4 23. Re1 Rdc8 24. Qd2 Bg7 25. Rg3 Qd4 26. Qxd4 Rxd4 27. h3 f5
28. Bf3 f4 29. Rg4 Kf7 30. Be4 Rxe4 31. Rxe4 h5 32. Rg5 Bf6 33. h4 Bxg5 34. hxg5
Rxc2 35. Re1 Ke7 36. Rd1 Rc3 37. a4 bxa4 38. Ra1 a3 39. Kf1 Kd7 40. Ke1 e4 41.
Ra2 Kc7 42. Kd2 Rd3+ 43. Kc2 f3 44. gxf3 Rxf3 45. Kc1 Rd3 46. Kc2 h4 47. Ra1 Rf3
48. Kd1 Kb6 49. Ke2 h3 50. Kf1 Kb5 51. Re1 a2 52. Kg1 Ra3 53. Ra1 Kxb4 54. Kh2
Kb3 0-1

[Event "XXV OOM - Mistrzostwa Polski Juniorow Mlodszych - Dziewczeta do lat 12"]
[Site "Sielpia"]
[Date "1899-12-30"]
[Round "3.8"]
[White "Kulczycka, Zofia"]
[Black "Filipiak, Magdalena"]
[Result "1-0"]
[WhiteTitle "II+"]
[BlackTitle "I"]
[WhiteElo "1222"]
[BlackElo "1181"]

1. e4 b6 2. Nf3 Bb7 3. Nc3 g6 4. d4 Bg7 5. Bc4 d6 6. O-O Nf6 7. e5 dxe5 8. dxe5
Qxd1 9. Rxd1 Ne4 10. Nxe4 Bxe4 11. Ng5 Bxc2 12. Bxf7+ Kf8 13. Rd8# 1-0

[Event "XXV OOM - Mistrzostwa Polski Juniorow Mlodszych - Dziewczeta do lat 12"]
[Site "Sielpia"]
[Date "1899-12-30"]
[Round "3.9"]
[White "Staniewicz, Adrianna"]
[Black "Szczotka, Klara"]
[Result "0-1"]
[WhiteTitle "WCM"]
[BlackTitle "I++"]
[WhiteElo "1086"]
[BlackElo "1638"]

1. e4 c5 2. Nf3 e6 3. d3 Nc6 4. Nbd2 d6 5. g3 Nf6 6. Bg2 Be7 7. O-O O-O 8. Re1
Qc7 9. b3 Nd7 10. Bb2 Bf6 11. Bxf6 Nxf6 12. Nf1 Rd8 13. Ne3 Rb8 14. Nd2 b5 15.
f4 Bb7 16. Ng4 Nxg4 17. Qxg4 Nb4 18. Rec1 Qb6 19. Kh1 d5 20. e5 Rbc8 21. a3 Nc6
22. h4 Nd4 23. c3 Nf5 24. Nf1 Rd7 25. Ra2 d4 26. c4 Bxg2+ 27. Kxg2 bxc4 28. bxc4
Qb3 29. Qe2 Rb8 30. Rcc2 Rdb7 31. Kh3 Qa4 32. Rcb2 Qc6 33. Rxb7 Qxb7 34. g4 Qh1+
35. Nh2 Ne3 36. Rb2 Rxb2 37. Qxb2 h6 38. Kg3 Qg1+ 39. Kh3 Kh7 40. Qb7 Nf1 41.
Qg2 Qe3+ 42. Nf3 Qxd3 43. Qf2 Ne3 44. g5 Qf5+ 45. Kg3 Qg4+ 46. Kh2 Qxf4+ 47. Kg1
d3 48. a4 Nxc4 49. a5 d2 50. Qe2 Qg3+ 51. Kh1 Qf4 52. Qd3+ g6 53. gxh6 Nb2 54.
Qxd2 Qxf3+ 55. Kg1 Qd1+ 56. Qxd1 Nxd1 57. Kg2 Kxh6 58. Kf3 g5 59. hxg5+ Kxg5 60.
Ke2 Nc3+ 0-1

[Event "XXV OOM - Mistrzostwa Polski Juniorow Mlodszych - Dziewczeta do lat 12"]
[Site "Sielpia"]
[Date "1899-12-30"]
[Round "3.10"]
[White "Janikowska, Wiktoria"]
[Black "Banasiak, Adrianna"]
[Result "1-0"]
[WhiteTitle "I"]
[BlackTitle "II+"]
[WhiteElo "1393"]
[BlackElo "1187"]

1. e4 e6 2. d4 b6 3. Nf3 Bb7 4. Bd3 Ne7 5. Qe2 Ng6 6. Bd2 Be7 7. Nc3 Nc6 8. a3
O-O 9. O-O-O a6 10. g4 b5 11. Na2 e5 12. d5 Nd4 13. Nxd4 exd4 14. f4 c5 15. dxc6
dxc6 16. h4 Bxh4 17. e5 c5 18. Rh3 Qd5 19. Kb1 Qg2 20. Qxg2 Bxg2 21. Rh2 Bf3 22.
Rf1 Bg3 23. Rh3 Bg2 24. Rxg3 Bxf1 25. Bxf1 f5 26. gxf5 Rxf5 27. Bd3 Rh5 28. Bxg6
Rh1+ 29. Nc1 hxg6 30. Rxg6 Rh6 31. Rxh6 gxh6 32. Ne2 Kf7 33. f5 Re8 34. Bf4 h5
35. Ng3 h4 36. e6+ Kf6 37. Nh5+ Kxf5 38. Bc7 Kg5 39. Ng7 Re7 40. Bd8 Kf6 41. Bxe7+
Kxe7 42. Nf5+ Kxe6 43. Nxh4 c4 44. Nf3 Kd5 45. Kc1 Ke4 46. Ng5+ Ke3 47. Ne6 a5
48. Nc5 c3 49. b3 b4 50. axb4 axb4 51. Nd3 Ke4 52. Nxb4 Ke5 53. Kd1 Kd6 54. Ke2
Kc5 55. Na2 Kc6 56. Kd3 Kc5 57. Nxc3 dxc3 58. Kxc3 Kb5 59. b4 Kb6 60. Kc4 Kc6
61. b5+ Kb6 62. Kb4 Kb7 63. Kc5 Kc7 64. c4 Kb7 65. Kd6 Ka7 66. c5 Kb7 67. Kd7
Ka7 68. c6 Kb8 69. c7+ Ka8 70. c8=Q+ Ka7 71. b6+ Kxb6 72. Qc6+ Ka5 73. Qb7 Ka4
74. Qb2 Ka5 75. Kc6 Ka4 76. Kc5 Ka5 77. Qa3# 1-0

[Event "XXV OOM - Mistrzostwa Polski Juniorow Mlodszych - Dziewczeta do lat 12"]
[Site "Sielpia"]
[Date "1899-12-30"]
[Round "3.11"]
[White "Lewicka, Joanna"]
[Black "Slusarczyk, Anna"]
[Result "0-1"]
[WhiteTitle "II+"]
[BlackTitle "I"]
[WhiteElo "1189"]
[BlackElo "1347"]

1. e4 c5 2. c3 e6 3. d4 d5 4. exd5 exd5 5. Nf3 Nf6 6. Be2 Be7 7. O-O O-O 8. dxc5
Bxc5 9. Nd4 Nc6 10. Be3 Bb6 11. Na3 Re8 12. Nac2 Qe7 13. Qd3 Ng4 14. Bxg4 Bxg4
15. Nb3 Rad8 16. Bxb6 axb6 17. Rfe1 Qf6 18. Rxe8+ Rxe8 19. Ne3 Be6 20. Nxd5 Bxd5
21. Qxd5 Re2 22. Qf3 Qxf3 23. gxf3 Rxb2 24. Re1 f6 25. Nc1 Rc2 26. Ne2 Rxa2 27.
Kf1 Ne5 28. f4 Nf3 29. Rd1 Nxh2+ 30. Ke1 Nf3+ 31. Kf1 Rd2 32. Rxd2 Nxd2+ 33. Ke1
Ne4 34. f3 Nc5 35. Kd2 h5 36. Ke3 Kf7 37. Kd4 Ke6 38. Kc4 Kd7 39. Kd5 Nb3 40.
Ke4 Ke6 41. f5+ Kd6 42. Kf4 Kd5 43. Ng1 Nc1 44. Ke3 Ke5 45. Kd2 Nb3+ 46. Kd3 Kxf5
47. Kc4 Nc5 48. Kb5 Nd7 49. c4 Kf4 50. Ne2+ Ke3 51. Ng1 Kf2 52. Nh3+ Kxf3 53.
Ng1+ Kg2 54. Ne2 h4 55. Nf4+ Kf3 56. Nh3 Kg3 57. Ng1 h3 58. Ne2+ Kf2 59. Nf4 h2
60. Nh3+ Kg3 61. Ng1 hxg1=Q 0-1

[Event "XXV OOM - Mistrzostwa Polski Juniorow Mlodszych - Dziewczeta do lat 12"]
[Site "Sielpia"]
[Date "1899-12-30"]
[Round "3.12"]
[White "Pniewska, Beata"]
[Black "Mazurek, Maja"]
[Result "0-1"]
[WhiteTitle "I"]
[BlackTitle "I"]
[WhiteElo "1176"]
[BlackElo "1283"]

1. e4 d5 2. exd5 Qxd5 3. Nc3 Qd6 4. d4 Nf6 5. Nf3 c6 6. Bc4 Bg4 7. O-O e6 8. Re1
Nbd7 9. d5 Bxf3 10. Qxf3 Ne5 11. Qe2 Nxc4 12. Qxc4 cxd5 13. Qd4 Be7 14. Nb5 Qc6
15. Qa4 O-O 16. Qb3 Bc5 17. Be3 Ne4 18. Nd4 Qb6 19. c4 Bxd4 20. Qxb6 Bxb6 21.
Bxb6 axb6 22. cxd5 exd5 23. f3 Nc5 24. Re7 Rfe8 25. Rae1 Kf8 26. Rxe8+ Rxe8 27.
Rxe8+ Kxe8 28. Kf1 Ke7 29. Ke2 Ke6 30. Ke3 Kd6 31. Kd4 Ne6+ 32. Kc3 d4+ 33. Kd3
Kd5 34. g3 g5 35. b4 f5 36. h3 h5 37. a3 h4 38. gxh4 gxh4 39. Kd2 Nf4 40. Ke1
Nxh3 0-1

[Event "XXV OOM - Mistrzostwa Polski Juniorow Mlodszych - Dziewczeta do lat 12"]
[Site "Sielpia"]
[Date "1899-12-30"]
[Round "3.13"]
[White "Sliwicka, Weronika"]
[Black "Gladyszewska, Kinga"]
[Result "1/2-1/2"]
[WhiteTitle "I"]
[BlackTitle "I"]
[WhiteElo "1161"]
[BlackElo "1261"]

1. e4 c5 2. Nf3 d6 3. d4 cxd4 4. Nxd4 Nf6 5. Nc3 g6 6. Bb5+ Bd7 7. Qe2 a6 8. Bxd7+
Qxd7 9. Bd2 Bg7 10. O-O-O O-O 11. Rhe1 Nc6 12. Nb3 Rac8 13. f4 Qc7 14. Nd5 Nxd5
15. exd5 Nd4 16. Nxd4 Bxd4 17. c3 Rfe8 18. Kb1 Bg7 19. g4 b5 20. h4 b4 21. Rc1
bxc3 22. Bxc3 Bxc3 23. Rxc3 Qb7 24. Rxc8 Qxc8 25. Rc1 Qb7 26. Qc4 Rb8 27. b3 Qb5
28. Kb2 Qb6 29. Qc7 Qxc7 30. Rxc7 Rb4 31. Rc4 Rb5 32. Rd4 Kf8 33. Kc3 Ke8 34.
b4 Kd7 35. a4 Rb7 36. Rc4 Rb6 37. Kd4 e6 38. Ke4 f5+ 39. gxf5 exd5+ 40. Kxd5 gxf5
41. h5 h6 42. Rd4 Rc6 43. Rc4 1/2-1/2

[Event "XXV OOM - Mistrzostwa Polski Juniorow Mlodszych - Dziewczeta do lat 12"]
[Site "Sielpia"]
[Date "1899-12-30"]
[Round "3.14"]
[White "Ziobrowska, Maja"]
[Black "Nieckarz, Maja"]
[Result "1-0"]
[WhiteTitle "II+"]
[BlackTitle "I"]
[WhiteElo "1134"]
[BlackElo "1248"]

1. e4 c5 2. d4 cxd4 3. c3 d5 4. exd5 Qxd5 5. cxd4 e6 6. Nc3 Qd8 7. Nf3 Nf6 8. Bc4
Be7 9. O-O O-O 10. d5 exd5 11. Nxd5 Nxd5 12. Bxd5 Qc7 13. Qe2 Bf6 14. Bg5 Qb6
15. Bxf6 Qxf6 16. Rac1 Na6 17. Rfd1 Nb4 18. Bb3 Bg4 19. a3 Rfe8 20. Qd2 Bxf3 21.
gxf3 Nc6 22. Qc3 Qg5+ 23. Kh1 Re5 24. Rg1 Qh6 25. Ba4 Rh5 26. Rg2 Ne7 27. Qc7
g6 28. Rd1 Nd5 29. Qxb7 Nb6 30. Bb3 Qf4 31. Rdg1 Rc8 32. Rg3 Rcc5 33. Qxa7 Rh4
34. Qxb6 Rch5 35. Rxg6+ hxg6 36. Qxg6+ Kf8 37. Qg8+ Ke7 38. Re1+ Re5 39. Qxf7+
Qxf7 1-0

[Event "XXV OOM - Mistrzostwa Polski Juniorow Mlodszych - Dziewczeta do lat 12"]
[Site "Sielpia"]
[Date "1899-12-30"]
[Round "3.15"]
[White "Pietryk, Joanna"]
[Black "Giemza, Julia"]
[Result "0-1"]
[WhiteTitle "I"]
[BlackTitle "I"]
[WhiteElo "1110"]
[BlackElo "1244"]

1. e4 d5 2. exd5 Nf6 3. d4 Nxd5 4. c4 Nb6 5. Nf3 Bg4 6. Be2 Nc6 7. d5 Bxf3 8. Bxf3
Ne5 9. b3 g6 10. Bb2 Bg7 11. Nc3 Nxf3+ 12. Qxf3 O-O 13. O-O Qd7 14. Rfe1 Rab8
15. Rad1 Rfe8 16. Ba3 a5 17. Ne4 h6 18. Bc5 a4 19. d6 exd6 20. Bd4 f5 21. Nf6+
Bxf6 22. Bxf6 Rxe1+ 23. Rxe1 Re8 24. Rxe8+ Qxe8 25. h3 axb3 26. axb3 Qe1+ 27.
Kh2 Kf7 28. Bc3 Qe4 29. Qg3 Nd7 30. Bd2 Kg7 31. Bc3+ Kh7 32. Bb2 g5 33. Kg1 Qb1+
0-1

[Event "XXV OOM - Mistrzostwa Polski Juniorow Mlodszych - Dziewczeta do lat 12"]
[Site "Sielpia"]
[Date "1899-12-30"]
[Round "3.16"]
[White "Sprzeczka, Emilia"]
[Black "Palejko, Maria"]
[Result "1-0"]
[WhiteTitle "II+"]
[BlackTitle "I"]
[WhiteElo "1109"]
[BlackElo "1238"]

1. e4 c5 2. Nf3 e6 3. d4 cxd4 4. Nxd4 Bc5 5. Nc3 d6 6. Bb5+ Bd7 7. Bxd7+ Nxd7 8.
O-O a6 9. Kh1 Ngf6 10. Bg5 Qb6 11. Nb3 Bxf2 12. Qd2 Bc5 13. Na4 Qc7 14. Naxc5
Nxc5 15. Nxc5 Qxc5 16. Bxf6 gxf6 17. Rxf6 Ke7 18. Raf1 Raf8 19. Qf4 Qh5 20. g4
e5 21. Qf3 Qg5 22. Rxf7+ Rxf7 23. Qxf7+ Kd8 24. Qxb7 Re8 25. Qb8+ Kd7 26. Rf7+
Re7 27. Qb7+ Ke8 28. Rxe7+ Qxe7 29. Qxe7+ Kxe7 30. Kg2 Ke6 31. Kf3 Kf6 32. b4
Ke7 33. h4 Kd7 34. g5 Ke6 35. h5 d5 36. exd5+ Kxd5 37. g6 e4+ 38. Ke3 Kc4 39.
gxh7 Kxb4 40. h8=Q Ka3 41. Qc3+ Ka4 42. Qb3+ Ka5 43. Kd4 e3 44. Kc5 e2 45. Qa3#
1-0

[Event "XXV OOM - Mistrzostwa Polski Juniorow Mlodszych - Dziewczeta do lat 12"]
[Site "Sielpia"]
[Date "1899-12-30"]
[Round "3.17"]
[White "Seemann, Pola"]
[Black "Rojek, Paulina"]
[Result "1-0"]
[WhiteTitle "II+"]
[BlackTitle "I"]
[WhiteElo "1229"]
[BlackElo "1054"]

1. e4 c5 2. Nf3 d6 3. d4 cxd4 4. Nxd4 Nf6 5. Nc3 a6 6. f3 e5 7. Nb3 Be7 8. Be3
Be6 9. Nd5 Nbd7 10. Qd2 b5 11. O-O-O Bxd5 12. exd5 Qc7 13. Kb1 Nb6 14. Bxb6 Qxb6
15. g4 a5 16. h4 a4 17. Nc1 b4 18. h5 b3 19. cxb3 axb3 20. a3 Qc7 21. Bb5+ Kf8
22. g5 Nxd5 23. Nxb3 Nf4 24. Rc1 Qb6 25. Bc4 Bxg5 26. Bd5 Nxd5 27. Qxd5 Ke7 28.
Rc6 Qb8 29. Re1 f6 30. Nd4 Re8 31. Nf5+ Kf8 32. Nxd6 Rd8 33. Qf7# 1-0

[Event "XXV OOM - Mistrzostwa Polski Juniorow Mlodszych - Dziewczeta do lat 12"]
[Site "Sielpia"]
[Date "1899-12-30"]
[Round "3.20"]
[White "Reszka, Barbara"]
[Black "Dallemura, Julia"]
[Result "1-0"]
[WhiteTitle "II"]
[BlackTitle "I"]
[WhiteElo "1157"]
[BlackElo "1200"]

1. e4 e5 2. Nf3 Nc6 3. Bc4 Bc5 4. c3 Nf6 5. d4 exd4 6. cxd4 Bb4+ 7. Bd2 Bxd2+ 8.
Nbxd2 d5 9. exd5 Nxd5 10. O-O O-O 11. Re1 Bg4 12. Qc2 Bxf3 13. Nxf3 Nb6 14. Bd3
h6 15. Rad1 Kh8 16. Be4 Qd6 17. Bxc6 bxc6 18. Ne5 Qd5 19. b3 Kg8 20. Nxc6 Qd6
21. Ne7+ Kh8 22. Nf5 Qf6 23. Ne3 Rac8 24. Nc4 Rfe8 25. Rxe8+ Rxe8 26. Nxb6 cxb6
27. h3 a5 28. d5 Rd8 29. Qc7 Qd6 30. Qxf7 Qc5 31. Qf3 Rf8 32. Qe3 Qc2 33. Qd2
Qxd2 34. Rxd2 Kg8 35. Kf1 Re8 36. d6 Kf7 37. d7 Rd8 38. Ke2 Ke7 39. Ke3 Rxd7 40.
Rxd7+ Kxd7 41. Kd4 Kd6 42. a3 b5 43. b4 a4 44. g3 h5 45. f3 g6 46. h4 Kc6 47.
g4 Kd6 48. gxh5 gxh5 49. f4 Ke6 50. Kc5 Kf5 51. Kxb5 Kxf4 52. Kxa4 Kg4 53. b5
Kxh4 54. b6 Kg3 55. b7 h4 56. b8=Q+ Kg2 57. Qg8+ Kh2 58. Qg4 h3 59. Kb5 1-0

[Event "XXV OOM - Mistrzostwa Polski Juniorow Mlodszych - Dziewczeta do lat 12"]
[Site "Sielpia"]
[Date "1899-12-30"]
[Round "3.21"]
[White "Romejko, Jagoda"]
[Black "Krzysztynska, Maria"]
[Result "1-0"]
[WhiteTitle "II+"]
[BlackTitle "II"]
[WhiteElo "1173"]
[BlackElo "1029"]

1. e4 e5 2. Nf3 Nc6 3. d4 exd4 4. Nxd4 d6 5. Nc3 Nf6 6. Bb5 Bd7 7. Bc4 Be7 8. Bf4
O-O 9. O-O Ne5 10. Bb3 c5 11. Bxe5 dxe5 12. Nf3 Qb6 13. Nxe5 Rad8 14. Qf3 Bd6
15. Nc4 Qc7 16. h3 Rfe8 17. Rad1 Bc6 18. Nd5 Nxd5 19. exd5 Bd7 20. Nxd6 Qxd6 21.
c3 Re5 22. Rfe1 Rg5 23. Re4 Rf5 24. Qe3 b6 25. Bc2 Rh5 26. Re1 Rf8 27. Re5 f5
28. f4 Qf6 29. Re7 Bb5 30. Bb3 g5 31. fxg5 Rxg5 32. a4 Ba6 33. Rxa7 Bc8 34. d6+
Kh8 35. Qe7 Qh6 36. d7 Bxd7 37. Rxd7 Rg6 38. Rd8 Rgf6 39. Re6 Qc1+ 40. Re1 Qh6
41. Rxf8+ Rxf8 42. Qe5+ Rf6 43. Rd1 Qf8 44. Bc4 h5 45. Bb3 Kh7 46. Rd7+ Kh6 47.
Qf4+ Kg6 48. h4 Qh6 49. Qg3+ Qg5 50. Qxg5# 1-0

[Event "XXV OOM - Mistrzostwa Polski Juniorow Mlodszych - Dziewczeta do lat 12"]
[Site "Sielpia"]
[Date "1899-12-30"]
[Round "3.23"]
[White "Prawucka, Zofia"]
[Black "Predkiewicz, Paulina"]
[Result "0-1"]
[WhiteTitle "II"]
[BlackTitle "II+"]
[WhiteElo "1088"]
[BlackElo "1056"]

1. e4 e5 2. Nf3 Nc6 3. Bc4 Nf6 4. Ng5 d5 5. exd5 Na5 6. Bb5+ c6 7. dxc6 bxc6 8.
Qf3 Rb8 9. Bxc6+ Nxc6 10. Qxc6+ Nd7 11. d3 Be7 12. Nf3 Rb6 13. Qe4 Bb7 14. Qe2
O-O 15. O-O Re8 16. Nxe5 Bd6 17. Be3 Bxe5 18. Bxb6 Nxb6 19. Re1 Bxh2+ 20. Kxh2
Rxe2 21. Rxe2 Qh4+ 22. Kg1 h6 23. Nc3 Qg4 24. f3 Bxf3 25. Rf2 Bb7 26. Raf1 h5
27. Nb5 h4 28. Kh2 Qg3+ 29. Kh1 h3 30. Kg1 Bxg2 31. Re1 h2# 0-1

[Event "XXV OOM - Mistrzostwa Polski Juniorow Mlodszych - Dziewczeta do lat 12"]
[Site "Sielpia"]
[Date "1899-12-30"]
[Round "3.24"]
[White "Grembocka, Zuzanna"]
[Black "Wiszniewska, Julia"]
[Result "1-0"]
[WhiteTitle "II"]
[BlackTitle "I"]
[WhiteElo "1052"]
[BlackElo "1082"]

1. Nf3 c5 2. d4 cxd4 3. Nxd4 g6 4. e4 Bg7 5. Nc3 Nc6 6. Nf3 Nf6 7. Bc4 O-O 8. O-O
b6 9. Bf4 Bb7 10. Qd2 Rc8 11. h3 h5 12. Bh6 Nb4 13. Bxg7 Kxg7 14. Bd3 Nxd3 15.
cxd3 d5 16. e5 Nd7 17. d4 e6 18. Nh2 f6 19. f4 Nb8 20. g4 Nc6 21. gxh5 gxh5 22.
Kh1 Kf7 23. f5 Nxe5 24. fxe6+ Kxe6 25. Rae1 Rg8 26. Nf3 Kd7 27. Nxe5+ fxe5 28.
Rxe5 Kc7 29. Rf7+ Kb8 30. Qf4 Rc7 31. Ree7 Qxe7 32. Rxe7 Rgc8 33. Nb5 a6 34. Nxc7
Ka7 35. Qf7 Rh8 1-0

[Event "XXV OOM - Mistrzostwa Polski Juniorow Mlodszych - Dziewczeta do lat 12"]
[Site "Sielpia"]
[Date "1899-12-30"]
[Round "3.25"]
[White "Nowak, Zuzanna"]
[Black "Para, Aleksandra"]
[Result "0-1"]
[WhiteTitle "I"]
[BlackTitle "II+"]
[WhiteElo "1081"]
[BlackElo "1034"]

1. e4 c5 2. c3 d6 3. d4 cxd4 4. cxd4 Nf6 5. Nc3 a6 6. Nf3 e6 7. Bc4 b5 8. Bb3 Be7
9. O-O O-O 10. Re1 Bb7 11. Bc2 Nbd7 12. Bg5 Rc8 13. Rc1 Nb6 14. Bb1 h6 15. Bh4
b4 16. e5 dxe5 17. dxe5 Nfd5 18. Bxe7 Qxe7 19. Nxd5 Bxd5 20. Qd3 g6 21. Rcd1 Qb7
22. Nh4 f5 23. Qg3 g5 24. Ng6 Rfe8 25. Nf4 Qg7 26. Nh5 Qe7 27. Nf6+ Kh8 28. Nxe8
Qxe8 29. Qd3 a5 30. b3 Ra8 31. Qd4 Nd7 32. Bxf5 Qb8 33. Bc2 Qb7 34. Qd3 Nf8 35.
Qh3 Kg7 36. Qg4 Qe7 37. Be4 Bxe4 38. Qxe4 Rc8 39. Rd6 Qc7 40. h3 Kg8 41. Kh2 Kh8
42. Red1 Qe7 43. Rb6 Qc5 44. Qd4 Qc7 45. Qd6 Qf7 46. Qd4 Qc7 47. Ra6 Re8 48. Ra7
Qc8 49. Rxa5 Re7 50. Qe4 Rb7 51. Re1 Kg7 52. Kg1 Nd7 53. Qg4 Nf8 54. Kh2 Ng6 55.
Ra6 Re7 56. Qxb4 Qxa6 57. a4 Qa7 58. Kg1 Rf7 59. Qd2 Qb7 60. b4 Nf4 61. f3 Qa7+
62. Qe3 Qxa4 63. Rb1 Qa7 64. Qxa7 Rxa7 65. b5 Rb7 66. Kf2 Kf7 67. Kg3 Ke7 68.
Kh2 Rb6 69. g3 Nd5 70. h4 Nc7 71. Kh3 Kf7 72. Kg4 Kg6 73. f4 h5+ 74. Kf3 g4+ 75.
Ke4 Rxb5 76. Rc1 Rb4+ 77. Ke3 Nd5+ 78. Kf2 Rb2+ 79. Kg1 Rb3 80. Kf2 Rc3 81. Re1
Rf3+ 82. Kg2 Ne3+ 83. Kh2 Rf2+ 84. Kh1 Rf1+ 85. Rxf1 Nxf1 86. Kg2 Ne3+ 87. Kf2
Nd5 88. Kg2 Kf5 89. Kf2 Ke4 90. Ke2 Ne3 91. Kf2 Nf5 92. Kg2 Ke3 93. Kh2 Kf2 94.
Kh1 Kxg3 95. Kg1 Nxh4 96. Kh1 Nf5 97. Kg1 h4 98. Kh1 Kf2 99. Kh2 g3+ 100. Kh3
g2 101. Kg4 g1=Q+ 102. Kh5 Ng7+ 103. Kh6 h3 104. Kh7 Ne8 105. f5 Qg7# 0-1

[Event "XXV OOM - Mistrzostwa Polski Juniorow Mlodszych - Dziewczeta do lat 12"]
[Site "Sielpia"]
[Date "1899-12-30"]
[Round "4.1"]
[White "Bar, Klaudia"]
[Black "Siekanska, Maria"]
[Result "1/2-1/2"]
[WhiteTitle "I"]
[BlackTitle "I+"]
[WhiteElo "1449"]
[BlackElo "1509"]

1. e4 c5 2. Nf3 e6 3. d4 cxd4 4. Nxd4 Nf6 5. Nc3 d6 6. f3 Be7 7. Be3 O-O 8. Qd2
Nc6 9. O-O-O a6 10. g4 Nxd4 11. Qxd4 b5 12. h4 Qa5 13. e5 b4 14. exf6 Bxf6 15.
Qb6 Qxb6 16. Bxb6 bxc3 17. Rxd6 cxb2+ 18. Kb1 Bb7 19. Be2 Rab8 20. Bd4 Be7 21.
Rb6 Bf6 22. Bxf6 gxf6 23. Rxb2 Bd5 24. c4 Bc6 25. Rd1 Rfd8 26. Rxd8+ Rxd8 27.
Kc1 a5 28. Rb6 Rc8 29. Kd2 Kg7 30. Kc3 e5 31. a3 Bd7 32. Rd6 Rc7 33. Rd5 a4 34.
Kb4 Rb7+ 35. Ka5 Be6 36. Rb5 Rd7 37. c5 Rd2 38. Bf1 Rd1 39. Bh3 Rh1 40. Bg2 Rg1
41. Bh3 Rh1 1/2-1/2

[Event "XXV OOM - Mistrzostwa Polski Juniorow Mlodszych - Dziewczeta do lat 12"]
[Site "Sielpia"]
[Date "1899-12-30"]
[Round "4.2"]
[White "Szopa, Emilia"]
[Black "Pudelko, Magdalena"]
[Result "1-0"]
[WhiteTitle "I+"]
[BlackTitle "I"]
[WhiteElo "1470"]
[BlackElo "1371"]

1. e4 c5 2. Ne2 Nc6 3. d4 cxd4 4. Nxd4 Nf6 5. Nc3 a6 6. Be3 e5 7. Nxc6 bxc6 8.
Bc4 Bb7 9. Bb3 d5 10. exd5 cxd5 11. Ba4+ Nd7 12. Nxd5 Qa5+ 13. Nc3 O-O-O 14. Qg4
Bb4 15. O-O-O Qc7 16. Qxb4 Kb8 17. Nd5 Qc8 18. Ne7 Qc7 19. Nc6+ Kc8 20. Nxd8 Rxd8
21. Bxd7+ Rxd7 22. Bb6 Rxd1+ 23. Rxd1 Qxc2+ 24. Kxc2 Be4+ 25. Qxe4 f5 26. Qa8#
1-0

[Event "XXV OOM - Mistrzostwa Polski Juniorow Mlodszych - Dziewczeta do lat 12"]
[Site "Sielpia"]
[Date "1899-12-30"]
[Round "4.3"]
[White "Grzesik, Nikola"]
[Black "Pawicka, Magdalena"]
[Result "1/2-1/2"]
[WhiteTitle "I"]
[BlackTitle "I"]
[WhiteElo "1339"]
[BlackElo "1748"]

1. e4 e5 2. Nf3 Nc6 3. Nc3 Nf6 4. d4 exd4 5. Nxd4 Bb4 6. Nxc6 bxc6 7. Bd3 d5 8.
exd5 cxd5 9. O-O O-O 10. Bg5 c6 11. Qf3 Be7 12. h3 Be6 13. Rfe1 Rb8 14. Na4 Nd7
15. Qh5 g6 16. Bxe7 Qxe7 17. Qh6 Qf6 18. b3 Bf5 19. Bxf5 Qxf5 20. Qd2 Rfe8 21.
Rac1 Nf6 22. Nc5 Rbd8 23. Nb7 Rxe1+ 24. Rxe1 Rb8 25. Nc5 Re8 26. Rxe8+ Nxe8 27.
Qd3 Qe5 28. a4 Nf6 29. g3 Qe1+ 30. Kg2 Qe7 31. Qe3 Qxe3 32. fxe3 Kf8 33. Kf3 1/2-1/2

[Event "XXV OOM - Mistrzostwa Polski Juniorow Mlodszych - Dziewczeta do lat 12"]
[Site "Sielpia"]
[Date "1899-12-30"]
[Round "4.4"]
[White "Lazniewska, Zofia"]
[Black "Kulczycka, Zofia"]
[Result "0-1"]
[WhiteTitle "I"]
[BlackTitle "II+"]
[WhiteElo "1288"]
[BlackElo "1222"]

1. e4 c5 2. c3 d5 3. exd5 Qxd5 4. d4 Nf6 5. Nf3 e6 6. Be3 cxd4 7. cxd4 Nc6 8. Nc3
Qd6 9. Bd3 Be7 10. O-O O-O 11. a3 b6 12. Qe2 Bb7 13. Rad1 Rfd8 14. Rfe1 Qc7 15.
Bb1 Na5 16. Ne5 Nd5 17. Qc2 Nf6 18. Bg5 g6 19. b4 Nc6 20. Nxc6 Qxc6 21. f3 Rac8
22. Rc1 Rxd4 23. Qb2 Qd7 24. Be3 Rdc4 25. Ba2 R4c7 26. Bb3 Qd3 27. Bd2 Qd4+ 28.
Be3 Qd3 29. Bd2 a5 30. Na2 Rxc1 31. Rxc1 Rxc1+ 32. Nxc1 Qb5 33. a4 Qc6 34. Bg5
axb4 35. Nd3 Kg7 36. h3 Ba6 37. Qd2 Qd6 38. Bc2 b3 39. Bb1 Qd4+ 40. Kh1 Qxa4 41.
Bh6+ Kg8 42. Nb2 Qa1 43. Qc1 Ba3 44. Qd1 Nd5 45. Qd4 Qxb1+ 46. Kh2 Qxb2 47. Qh4
Bd6+ 48. f4 Qf6 49. Qe1 Bxf4+ 50. Bxf4 Qxf4+ 51. Kh1 Qf1+ 52. Qxf1 Bxf1 53. g4
b2 54. g5 b1=Q 55. h4 Qc2 56. h5 Bh3 57. Kg1 Qg2# 0-1

[Event "XXV OOM - Mistrzostwa Polski Juniorow Mlodszych - Dziewczeta do lat 12"]
[Site "Sielpia"]
[Date "1899-12-30"]
[Round "4.5"]
[White "Szczotka, Klara"]
[Black "Giemza, Julia"]
[Result "1-0"]
[WhiteTitle "I++"]
[BlackTitle "I"]
[WhiteElo "1638"]
[BlackElo "1244"]

1. e4 c5 2. Nf3 e6 3. d4 cxd4 4. Nxd4 Qb6 5. Nb3 Nf6 6. Bd3 Nc6 7. Be3 Qc7 8. O-O
Be7 9. N1d2 d5 10. f4 dxe4 11. Nxe4 O-O 12. a3 Rd8 13. Qf3 Nd5 14. Bd2 e5 15.
f5 b6 16. Qg3 Kh8 17. Rf3 Bd6 18. Qh4 g6 19. Bg5 Nce7 20. Nf6 Nxf6 21. Bxf6+ Kg8
22. Qxh7+ Kxh7 23. Rh3+ Kg8 24. Rh8# 1-0

[Event "XXV OOM - Mistrzostwa Polski Juniorow Mlodszych - Dziewczeta do lat 12"]
[Site "Sielpia"]
[Date "1899-12-30"]
[Round "4.6"]
[White "Roszkiewicz, Zofia"]
[Black "Seemann, Pola"]
[Result "0-1"]
[WhiteTitle "I"]
[BlackTitle "II+"]
[WhiteElo "1444"]
[BlackElo "1229"]

1. e4 e5 2. Nf3 Nc6 3. d4 exd4 4. Nxd4 Nf6 5. Nxc6 bxc6 6. e5 Qe7 7. Qe2 Nd5 8.
c4 Nb6 9. b3 a5 10. Bb2 Ba6 11. Qe3 Qe6 12. Be2 Be7 13. O-O O-O 14. Qd2 a4 15.
f4 Bc5+ 16. Kh1 d6 17. f5 Qh6 18. Qxh6 gxh6 19. exd6 cxd6 20. Bc1 Bd4 21. Bxh6
Bxa1 22. Bxf8 Rxf8 0-1